000 02773nam a22003737a 4500
005 2010080307247.0
008 100412t xxu||||| |||| 00| 0 ur d
020 _c90.00
020 _c8188912301
035 _aB-395259-266
037 _bEducational Publishing House
040 _adpl
_bur
082 _a641.462
100 _aمحمد شبّیر قمر
_9616
245 _a‌‌‌پھلوں کے کھانے اور خوش ذائقھ مصنوعات /
_cمحمّد شبّیر قمر
_b
246 _aPhalon Ke Khane Aur Khush Zaiqa Masnuat /
_bby Mohd. Bashir Qamar
260 _a دلّی
_bبک کارپوريشن
_c2010
270 _a3191, Ground Floor, Mirza Ahmad Ali Marg, Kucha Pandit, Lal kuan
_b Delhi
_e110006
_k23216162, 23214465
_mephdelhi@yahoo.com
_l0091-11-23211540
300 _a302 ص
_c22 س م (Hb)
500 _a
600 _aکہا نی
_9966
600 _aStory
_9967
700 _94765
942 _2ddc
_cUR
_h641.462
_mم ح م
999 _c38877
_d38877